| 000 | 00741nam a2200253Ia 4500 | ||
|---|---|---|---|
| 003 | OSt | ||
| 005 | 20220926030418.0 | ||
| 006 | a|||||r|||| 00| 0 | ||
| 007 | ta | ||
| 008 | 220923b |||||||| |||| 00| 0 eng d | ||
| 037 | _cGeneral Book | ||
| 040 |
_aRTL _cRTL _beng |
||
| 041 |
_2eng _aeng |
||
| 082 | _aY31.73, J8;K8 | ||
| 100 |
_aVidich Arthur J _9254786 |
||
| 245 | 0 |
_aSmall town in mass society _b Class, power and relig |
|
| 250 | _a2 | ||
| 260 |
_aPrinceton _bNew Jersey Princeton University Press _c1968 |
||
| 300 |
_axxviii, 493p _ccm. |
||
| 650 | _aRural Sociology | ||
| 700 | _a Bensman Joseph | ||
| 942 |
_hY31.73, J8;K8 _cGB _2CC |
||
| 999 |
_c649668 _d649668 |
||